00779nam a2200193 a 450000100100000000500170001000800410002702000150006804000250008308200150010824500780012326000530020130000210025449000170027570001390029283000240043195201130045599900170056800003636420200930075706.0120116s1987 sp 000 0 spa d a8450560128 aDO-SdBNPbspacBNPHU axxxxbA86400aAtención directa de enfermería. Conceptos generales y procedimientos. aMadrid :bInstituto Nacional de la Salud,c1987. a111 p. ;c25 cm.1 aEnfermería2 aInstituto Nacional de la Salud.bMinisterio de Sanidad y Consumo, Subdirección General de Gestión de la Atención Primaria962552 0aEnfermería962553 001050718MOaGRbGRcCTd2012-01-16iLF1l0oxxxx A864p36365-10r2020-06-25w2020-06-25y1ZNo se presta c35855d35855